| 000 | 00513nam a2200157 i 4500 | ||
|---|---|---|---|
| 001 | 55544 | ||
| 003 | ES-MaACL | ||
| 005 | 20230906163152.0 | ||
| 007 | t| | ||
| 008 | 030923q1969 sp ||||1| spa d | ||
| 245 | 0 | 0 | _aDesarrollo regional. |
| 260 |
_a[Madrid] : _bComisaría del Plan de Desarrollo Económico y Social, _c[1969?] |
||
| 300 |
_aXVIII, 625 p., 27 map., 3 gráf. ; _c30 cm. |
||
| 710 | 0 | 0 |
_aEspaña. _bComisaría del Plan de Desarrollo Económico y Social. _93631 |
| 852 |
_aES-MaACL _jC-41056 _bR.72876 |
||
| 999 |
_c55544 _d55544 |
||